000
00359nam a2200133Ia 4500
008
151001s9999||||xx |||||||||||||| ||und||
100
_a
मुक्ता केणेकर
245
_a
स्नेहबंध
250
_a
1
260
_b
अनघा प्रकाशन ठाणे
260
_c
२०१४
300
_a
151
365
_b
21
999
_c
1002253
_d
1002250